Statistics for SNL Guest Hosts - Season 39

Click here to take the quiz!

General Stats

  • This quiz has been taken 17 times
  • The average score is 15 of 21

Answer Stats

Premiere DateFamous ForMusical GuestGuest Host% Correct
October 5, 2013Hannah Montana, "Party in the USA", "Wrecking Ball"HerselfMiley Cyrus
100%
September 28, 201330 Rock, Sisters, Baby MamaArcade FireTina Fey
100%
May 17, 2014Brooklyn Nine-Nine, Hotel Transylvania, StorksSt. VincentAndy Samberg
90%
December 21, 2013Former SNL cast member, host of The Tonight ShowJustin TimberlakeJimmy Fallon
90%
November 16, 2013"Pokerface", "Just Dance", "Born This Way"HerselfLady Gaga
90%
February 1, 2014Ghostbusters, Spy, BridesmaidsImagine DragonsMelissa McCarthy
90%
December 7, 2013Ant-Man, Wet Hot American Summer, The 20 Year Old VirginOne DirectionPaul Rudd
90%
May 10, 2014Atomic Blonde, Mad Max: Fury Road, A Million Ways to Die in the WestThe Black KeysCharlize Theron
80%
December 14, 2013Monsters University, Roseanne, The Monuments MenKings of LeonJohn Goodman
80%
January 25, 2014Superbad, The LEGO Movie, 21 Jump StreetBastilleJonah Hill
80%
October 12, 2013Armageddon, Die Hard, The ExpendablesKaty PerryBruce Willis
70%
January 18, 2014"Hotline Bling", "One Dance", Degrassi: The Next GenerationHimselfDrake
70%
March 29, 2014The Secret Life of Pets, LouisSam SmithLouis C.K.
70%
May 3, 2014The Amazing Spider-Man, Hacksaw Ridge, The Social NetworkColdplayAndrew Garfield
60%
April 5, 2014Trolls, Pitch Perfect, Mike & Dave Need Wedding DatesPharrell WilliamsAnna Kendrick
60%
October 26, 2013The Incredible Hulk, Sausage Party, Fight ClubJanelle MonaeEdward Norton
50%
April 12, 2014Sausage Party, Freaks and Geeks, The InterviewEd SheeranSeth Rogen
50%
March 1, 2014Home, The Big Bang Theory, Hidden FiguresBeckJim Parsons
40%
November 23, 2013The Hunger Games, Bridge to Terabethia, RVHAIMJosh Hutcherson
30%
November 2, 2013Scandal, Fantastic Four, Django UnchainedEminemKerry Washington
30%
March 8, 2014Girls, This is 40, SkyThe NationalLena Dunham
30%

Score Distribution

Percentile by Number Answered

Percent of People with Each Score

Your Score History

You have not taken this quiz